000 00889nam a2200217Ia 4500
003 Ost
005 20260507075636.0
008 260507s9999||||xx |||||||||||||| ||und||
020 _a1296119957
040 _cfsecg
041 _aara
082 _a336
100 _aالخطيب، خالد شحادة
_eمؤلف
245 0 _aأسس المالية العامة /
_c خالد شحادة الخطيب
260 _aعمان:
_bدار وائل للنشر والتوزيع,
_c2003
300 _a387 صفحة؛
_bإيضاحات ؛
_c24 سم
520 _aمدخل لدراسة علم المالية العامة- النفقات العامة- الإيرادات العامة- الموازنة العامة للدولة- أنواع موازنات الدولة
653 _aالمالية العامة
700 _a شامية، أحمد زهير
_eمؤلف ثانوي
942 _cكتاب
999 _c45290
_d45290